[Event "Seville Villa de Coria op 9th"]
[Site "Seville"]
[Date "2003.??.??"]
[Round "1"]
[White "Mauricio, Jose G"]
[Black "Cheparinov, Ivan"]
[Result "0-1"]
[WhiteElo "1800"]
[BlackElo "2478"]
[PlyCount "68"]
[EventDate "2003.02.13"]
[EventType "swiss"]
[EventRounds "9"]
[EventCountry "ESP"]
[SourceTitle "CBM 092 Extra"]
[Source "ChessBase"]
[SourceDate "2003.03.07"]
[SourceVersion "1"]
[SourceVersionDate "2003.03.07"]
[SourceQuality "1"]

1. e4 c5 2. Nf3 d6 3. Bc4 Nf6 4. Nc3 Nc6 5. h3 e6 6. d4 cxd4 7. Nxd4 Be7 8. Bb5 Bd7 9. Nxc6 bxc6 10. Bd3 e5 11. Bg5 0-0 12. 0-0 h6 13. Bxf6 Bxf6 14. Be2 Be6 15. Qd3 d5 16. exd5 cxd5 17. Rad1 d4 18. Ne4 Be7 19. f4 f5 20. Ng3 e4 21. Qxd4 Qxd4+ 22. Rxd4 Bc5 23. c3 Rfd8 24. Rfd1 Bxd4+ 25. Rxd4 Rxd4 26. cxd4 Rd8 27. b3 Rxd4 28. Nf1 a5 29. Kf2 a4 30. Ke3 axb3 31. axb3 Rb4 32. Bd1 Bxb3 33. Bxb3+ Rxb3+ 34. Kd4 Kf7 0-1